F1 Constructors 2026 - Statistics

General Stats
  • This quiz has been taken 19 times
  • The average score is 10 of 11
Answer Stats
Constuctor % Correct
Ferrari
100%
McLaren
100%
Mercedes
100%
Audi
94%
Red Bull
94%
Racing Bull
89%
Williams
89%
Aston Martin
83%
Alpine
78%
Cadillac
78%
Haas
78%
No matching quizzes found
Score Distribution
Percent of People with Each Score
Percentile by Number Answered
Your Score History
You have not taken this quiz